000 00209nam a22000857a 4500
008 170601b xxu||||| |||| 00| 0 eng d
100 _93184
_aKurup. C. G. R
245 _aThe Ramayana
260 _aNew Delhi
_bCBT
_c2003
999 _c6487
_d6487